Dk̕aion

Detalles Bibliográficos
Formato: Revista
Lenguaje:español
Publicado: Cha̕, Colombia : Universidad de La Sabana, 1992-
Materias:
Acceso en línea:http://www.vlex.com/source/7183

MARC

LEADER 00000nas a22000007a 4500
005 20130315144907.0
007 cr|||| ||||
008 130315c19929999ck fr|p s|||| 0|||b1spa d
022 |a 1208942  
035 |a 7183 
040 |a vLex 
090 |c 3940  |d 3940 
245 0 0 |a Dk̕aion  |h [Recurso electrn̤ico]  
256 |a Servicio en ln̕ea 
260 |a Cha̕, Colombia :  |b Universidad de La Sabana,  |c 1992- 
300 |a 1 Recurso electrn̤ico 
506 |d vLex Global  |d vLex Global (Academic Edition, excluding Law Schools)  |d vLex Global (U.S. Academic Edition, Law Schools)  |d vLex Global (U.S. Academic Edition, excluding Law Schools)  |d vLex Global (Academic Edition, Law Schools) 
650 0 4 |a Derecho constitucional  |v Revistas  |z Colombia 
740 |a vLex Revistas (Servicio en ln̕ea) 
856 |a Acceso restringido  |u http://www.vlex.com/source/7183 
942 |c REV 
999 0 |a Constitutional law